[Event "XX Sants Open 2018"]
[Site "Cotxeres de Sants"]
[Date "2018.08.18"]
[Round "2"]
[White "Gukesh D"]
[Black "Chernyak, Viktoria"]
[Result "1/2-1/2"]
[WhiteElo "2440"]
[BlackElo "2206"]
[Annotator "TA"]
[PlyCount "74"]
[EventDate "2018.08.17"]
[EventType "swiss"]
[EventCountry "ESP"]
[SourceTitle "playchess.com"]
[Source "ChessBase"]
[SourceQuality "1"]

{[%evp 16,74,0,7,33,38,58,43,41,41,43,45,37,40,35,11,25,8,6,9,7,13,13,13,8,9,9,12,18,-7,-7,-7,-4,-8,-8,-46,-11,-17,0,-41,-17,-24,-30,-29,-32,-71,-66,-81,-52,-71,-95,-91,-18,-38,-29,-24,0,0,0,0,0]} 1. Nf3 d5 2. g3 Nf6 3. Bg2 c5 4. O-O e6 {[%cal Be7e6,Be6e5][%mdl 32]} 5. d4 cxd4 6. Nxd4 e5 7. Nb3 Be6 8. Bg5 {D02: 1 d4 d5 2 Nf3 sidelines, including 2...Nf6 3 g3 and 2...Nf6 3 Bf4} Nbd7 9. Nc3 {[%cal Rc3d5] LiveBook: 35 Games} (9. e4 dxe4 10. Bxe4 Qc7 11. Bg2 Be7 12. Nc3 O-O 13. Re1 Rad8 14. Qe2 h6 15. Bxf6 Bxf6 {½-½ (107) Caruana,F (2802)-Nakamura,H (2786) chess.com INT 2017}) 9... d4 {[#]} 10. Nd5 $146 {[%mdl 512] White is slightly better.} ({Predecessor:} 10. Ne4 Be7 11. Bxf6 gxf6 12. c3 f5 13. Ned2 dxc3 14. bxc3 Qc7 15. f4 e4 {1-0 (46) Szmetan,R (2288)-Cheparinov,I (2478) Dos Hermanas 2003}) 10... Nb6 (10... Bxd5 11. Bxd5) 11. Nxb6 Qxb6 12. e3 dxe3 $1 13. Bxe3 Qc7 $1 14. Qd3 a6 15. Rfd1 Be7 16. Qc3 Qxc3 17. bxc3 Rc8 18. Bxb7 Rxc3 19. Bxa6 O-O 20. Bd3 e4 21. Bb5 Ng4 22. Bd4 Rxc2 23. Rdc1 Rfc8 24. Rxc2 Rxc2 25. h3 Nf6 (25... Nh6 {feels hotter.} 26. Be3 Nf5 27. Nd4 Nxd4 28. Bxd4 Rd2) 26. Bf1 Nd7 27. h4 f5 28. Nc1 Ba3 29. Nb3 Kf7 30. Bb5 Nf6 31. Ba7 Rc7 32. Be3 Ng4 33. Bc1 Ra7 (33... Bd6 $17 {And now ...Rc2 would win.} 34. Nd4 Be5) 34. Bxa3 $11 Rxa3 35. Nd4 Rxa2 36. Rxa2 Bxa2 37. Nxf5 Kf6 {Precision: White = 45%, Black = 55%.} 1/2-1/2

[Event "XX Sants Open 2018"]
[Site "Cotxeres de Sants"]
[Date "2018.08.18"]
[Round "2"]
[White "Haag, Gregor"]
[Black "Demchenko, Anton"]
[Result "0-1"]
[WhiteElo "2298"]
[BlackElo "2670"]
[Annotator "TA"]
[PlyCount "114"]
[EventDate "2018.08.17"]
[EventType "swiss"]
[EventCountry "ESP"]
[SourceTitle "playchess.com"]
[Source "ChessBase"]
[SourceQuality "1"]

{[%evp 22,114,87,46,102,37,42,43,69,56,56,50,92,80,96,63,65,35,39,21,50,0,0,0,26,0,0,0,24,0,0,0,0,-81,-48,-32,-32,-54,-40,-56,-38,-46,-33,-185,-183,-149,-134,-291,-280,-232,-231,-680,-380,-347,-399,-388,-389,-363,-372,-293,-193,-193,-170,-348,-283,-495,-492,-505,-497,-513,-250,-508,-479,-645,-604,-525,-296,-632,-716,-931,-910,-1219,-1219,-1212,-1208,-1173,-1059,-2306,-2270,-1865,-1689,-29987,-29988,-29988,-1390]} 1. d4 Nf6 2. c4 g6 3. Nc3 Bg7 4. e4 d6 5. Be2 O-O 6. Nf3 {[%cal Bg1f3,Bf3e1,Be1d3][%mdl 32]} Nbd7 7. O-O e5 8. Be3 c6 9. d5 c5 10. Ne1 Kh8 {E94: King's Indian: Classical: 6 Be2 e5 7 0-0: Various Black 7th moves} 11. Nd3 Ng8 12. b4 {LiveBook: 4 Games} b6 (12... cxb4 $14 13. Nxb4 f5) 13. b5 $146 (13. Nb5 $16) ({Predecessor:} 13. Rb1 f5 14. f3 Ndf6 15. bxc5 bxc5 16. g4 Bd7 17. Kh1 Qe7 18. Rg1 {1-0 (49) Sargissian,G (2666)-Zude,E (2408) Sharjah 2017}) 13... f5 $14 14. f3 f4 15. Bf2 h5 16. a4 Ndf6 17. a5 Rb8 18. axb6 axb6 19. Ra7 g5 20. Qa4 Nh7 21. Ra1 g4 22. Qd1 {[%cal Rf3g4]} Nh6 23. Kh1 Bd7 24. Qe1 Rf7 25. Bh4 Ng5 26. Nf2 Bf6 27. Qd1 (27. fxg4 $11 {remains equal.} hxg4 28. Bxg5 Bxg5 29. Bxg4) 27... Nh7 28. Bxf6+ Nxf6 29. Nd3 Rg7 30. Qe1 Nh7 $1 31. R1a2 g3 32. Qa1 $2 {[#]} (32. Ra1 $15) 32... Qh4 $1 $19 {[%csl Gg3][%cal Rh4h2]} 33. Qg1 Ng5 34. Bf1 $2 (34. Bd1 $17 {was necessary.} Rbg8 35. Ra8) 34... Rbg8 35. Ra8 {[#]} Bc8 $1 36. R8a7 $2 {[#]} (36. Rb8 Nxf3 37. gxf3 gxh2 38. Qxg7+ Kxg7 39. Rxh2) 36... Nxf3 $1 {[%mdl 512]} 37. gxf3 {Black must now prevent Rxg7.} gxh2 {[%csl Gg7,Gg8][%cal Rh2g1]} 38. Qxg7+ Rxg7 39. Rxg7 Kxg7 40. Rxh2 Qe7 41. Rxh5 Qa7 42. Nd1 $2 (42. Nb2) 42... Nf7 43. Kg1 $2 (43. Kg2 {is a better defense.}) 43... Kg6 44. Rh2 Ng5 45. Be2 Bd7 (45... Qa2 $142 46. Kh1 Bh3) 46. Kf2 $2 (46. N1f2) 46... Qa1 47. N3b2 Qc1 48. Ke1 Qc2 {aiming for ...Nxf3+!} 49. Rh8 $2 (49. Rf2) 49... Bh3 50. Rg8+ Kf6 51. Rf8+ Kg7 52. Ra8 Qb3 53. Ra7+ Kf6 54. Ra6 Nxf3+ 55. Bxf3 Qxf3 56. Rxb6 Qxe4+ 57. Kd2 Qg2+ {Precision: White = 26%, Black = 76%.} (57... Bf5 $142 58. Rxd6+ Kg5 59. Rd8 f3 60. Rg8+ Kf4 61. Rg4+ Bxg4 62. Nd3+ Kg3 63. Ne3 f2 64. Nf1+ Kh4 65. Nh2 Qg2 66. Kc3 Qxh2 67. Nxc5 f1=Q 68. Nb3 Qe1+ 69. Nd2 Qhxd2+ 70. Kb3 Qb1+ 71. Ka4 Qdb4#) 0-1

[Event "XX Sants Open 2018"]
[Site "Cotxeres de Sants"]
[Date "2018.08.18"]
[Round "2"]
[White "Cruz, Filemon"]
[Black "Nisipeanu, Liviu-Dieter"]
[Result "0-1"]
[WhiteElo "2295"]
[BlackElo "2657"]
[Annotator "TA"]
[PlyCount "76"]
[EventDate "2018.08.17"]
[EventType "swiss"]
[EventCountry "ESP"]
[SourceTitle "playchess.com"]
[Source "ChessBase"]
[SourceQuality "1"]

{[%evp 15,76,0,0,-19,18,-28,-9,-25,0,0,4,0,0,-19,-27,-43,-49,-74,0,0,0,0,0,-18,-19,-26,-27,-27,-32,-31,-22,-16,0,0,0,0,0,0,0,-15,0,-8,-1,-14,-14,-71,-69,-70,-72,-152,-158,-1362,-1355,-1347,-1339,-11820,-10819,-10819,-7559,-5481,-2359,-2204,-2208]} 1. d4 d5 2. c4 e6 3. Nc3 Bb4 4. e3 Nf6 5. Nf3 O-O 6. a3 Bxc3+ 7. bxc3 c5 8. Bb2 Nc6 {LiveBook: 21 Partien. E51: Nimzoindisch (Moderne Variante)} (8... dxc4 9. Bxc4 Qc7 10. Bd3 Nc6 11. e4 e5 12. d5 Ne7 13. c4 Ng6 14. Nd2 Ne8 15. O-O f6 16. a4 {½-½ (29) Ivanchuk,V (2726)-Xu,Y (2482) Caleta 2018}) 9. Qc2 Na5 10. Nd2 $146 ({Bitte nicht} 10. dxc5 dxc4 11. a4 Qd5 $15) (10. cxd5 {looks sharper.} exd5 11. dxc5 Ne4 12. c4 Bf5 13. cxd5 Rc8 14. Be2) ({Vorgänger:} 10. cxd5 cxd4 11. cxd4 exd5 12. Bd3 Ne4 13. Bxe4 dxe4 14. Qxe4 Re8 15. Qc2 Bg4 16. Ne5 Rc8 17. Bc3 Be6 18. Bxa5 {½-½ (18) Kolanek,R (2232)-Lloyd,G (2313) ICCF email 2011}) 10... dxc4 {Schwarz hat minimalen Vorteil.} 11. Nxc4 cxd4 12. cxd4 Bd7 13. Nxa5 Qxa5+ 14. Bc3 Qd5 15. Qa2 Qe4 16. Bd2 Rfc8 (16... e5 $17 17. dxe5 Qxe5) 17. f3 $11 Qh4+ 18. g3 Qh5 19. Bg2 Ba4 {Und ...Tc2 würde nun gewinnen.} 20. Qb1 Rc2 {zielt auf ...Dd5 ab.} 21. Ra2 Rxa2 22. Qxa2 Rc8 {[#] ...Tc2 ist eine echte Drohung.} 23. Qb1 Qb5 24. Qxb5 Bxb5 25. Bf1 Bxf1 26. Rxf1 {[%mdl 4096] Endspiel KTL-KTS} Rc2 27. Ke2 Ra2 28. e4 h5 29. Rc1 g5 30. Ke1 (30. Rc3 $11 {bleibt in der Remisbreite.}) 30... g4 $17 31. Bg5 Kg7 $1 32. d5 (32. Bxf6+ $142 Kxf6 33. fxg4) 32... gxf3 33. d6 $2 (33. Bxf6+ $17 Kxf6 34. d6 Re2+ 35. Kf1 Rxh2 36. Rc3) 33... Re2+ $19 {Schwarz steht klar auf Gewinn.} (33... Nxe4 $2 34. d7 $19) 34. Kf1 {[#]} Ng4 $1 35. d7 Nxh2+ 36. Kg1 f2+ 37. Kh1 Re1+ 38. Kxh2 f1=Q {Precision: Weiß = 40%, Schwarz = 74%.} 0-1

[Event "XX Sants Open 2018"]
[Site "Cotxeres de Sants"]
[Date "2018.08.18"]
[Round "2"]
[White "Paltrinieri, Nicholas"]
[Black "Illescas Cordoba, Miguel"]
[Result "1-0"]
[WhiteElo "2288"]
[BlackElo "2605"]
[Annotator "TA"]
[PlyCount "69"]
[EventDate "2018.08.17"]
[EventType "swiss"]
[EventCountry "ESP"]
[SourceTitle "playchess.com"]
[Source "ChessBase"]
[SourceQuality "1"]

{[%evp 9,69,-14,-5,-28,-9,-27,-8,-14,-11,-39,-30,-34,-25,-29,-17,-21,-18,-26,-17,-18,-19,-39,-4,0,6,14,61,44,161,154,154,154,141,144,179,199,171,163,188,216,271,295,300,284,292,282,363,302,297,292,269,241,239,258,306,303,296,285,489,370,804,647]} 1. d4 Nf6 2. Bg5 d5 3. Bxf6 exf6 4. e3 Nd7 (4... c6 5. Bd3 Bd6 6. Nd2 O-O 7. Qf3 a5 8. Ne2 Na6 9. c3 Nc7 10. h4 Re8 11. g4 Ne6 12. O-O-O b5 13. Rdg1 g6 14. h5 Ng5 {½-½ (43) Mamedyarov,S (2809)-Kramnik,V (2800) Moscow 2018}) 5. g3 Nb6 6. Bg2 {D00: 1 d4 d5: Unusual lines} h5 $146 ({Predecessor:} 6... c6 7. Nd2 Be7 8. Ne2 O-O 9. O-O Re8 10. Nf4 Bf8 11. Re1 f5 12. a3 {1-0 (26) Lainburg,V (2196)-Boehm,E (1908) Bad Blankenburg 2006}) 7. h4 Bg4 8. Ne2 {The position is equal.} Qd7 9. b3 a5 10. a4 c6 11. c3 g6 12. Nd2 Bh6 13. Rc1 O-O 14. O-O Rfe8 15. Re1 Nc8 {[%cal Bb6c8,Bc8d6,Bd6f5][%mdl 32]} 16. c4 Nd6 17. Qc2 dxc4 (17... Nf5 {seems wilder.} 18. Nc3 Ne7 19. Bf3 Rac8 20. Qd3 Be6) 18. bxc4 {[%cal Bb3c4,Bc4c5][%mdl 32]} Bxe2 ({Better is} 18... Nf5 $14) 19. Rxe2 $18 {[%cal Be1e2,Be2b2,Bb2b6][%mdl 32]} Qc7 20. c5 Nf5 {[#] ...Nxd4! is the strong threat.} 21. Ne4 Kg7 22. Rb1 Rab8 23. Qc3 Re6 24. Reb2 Rxe4 25. Bxe4 Nxg3 26. Qd3 (26. fxg3 Qxg3+ 27. Kf1 Re8 $17) 26... Nxe4 27. Qxe4 Qd7 28. Qf3 f5 29. Rb6 f4 30. exf4 {[%cal Be3f4,Bf4f5,Bf5g6,Bg6f7][%mdl 32]} Qxd4 31. f5 (31. Rxb7 Rxb7 32. Rxb7 Bxf4 $14) 31... Qxh4 32. fxg6 ({Don't take} 32. Rxb7 $6 Qg5+ 33. Kf1 Rxb7 $16) 32... Qg5+ 33. Qg2 Qe7 $2 {[#]} (33... Kxg6 34. Rxc6+ (34. Rxb7 Rc8 $18) 34... bxc6 35. Rxb8 Kf6 36. Qxg5+ Bxg5) 34. Qg3 Qe4 $2 (34... Qg5 35. gxf7 Kxf7 36. Rxb7+ Rxb7 37. Rxb7+ Ke6) 35. gxf7+ {Precision: White = 71%, Black = 41%.} 1-0

[Event "XX Sants Open 2018"]
[Site "Cotxeres de Sants"]
[Date "2018.08.18"]
[Round "2"]
[White "Povill Claros, Xavier"]
[Black "Heimann, Andreas"]
[Result "0-1"]
[WhiteElo "2277"]
[BlackElo "2590"]
[Annotator "TA"]
[PlyCount "69"]
[EventDate "2018.08.17"]
[EventType "swiss"]
[EventCountry "ESP"]
[SourceTitle "playchess.com"]
[Source "ChessBase"]
[SourceQuality "1"]

{[%evp 25,69,0,0,0,0,0,0,0,0,0,0,0,0,-9,-17,-20,-17,-27,-14,-17,-17,-17,9,0,40,14,8,23,43,0,0,0,0,0,0,0,0,0,0,0,0,0,0,0,0,-71]} 1. e4 c5 2. Nf3 d6 3. d4 cxd4 4. Nxd4 Nf6 5. Nc3 a6 6. f3 e5 7. Nb3 Be6 8. Be3 h5 9. Nd5 {B90: Sicilian Najdorf: Unusual White 6th moves, 6 Be3 Ng4 and 6 Be3 e5} Bxd5 10. exd5 Nbd7 11. Qd2 g6 12. Be2 Bg7 13. Na5 (13. O-O a5 14. a4 O-O 15. Bb5 Qc7 16. c4 b6 17. h3 Nc5 18. Nxc5 bxc5 {½-½ (49) Carlsen,M (2842)-Vachier Lagrave,M (2779) Biel 2018}) 13... Qc7 {LiveBook: 22 Games} 14. O-O e4 15. c4 exf3 16. Bxf3 O-O 17. b4 $146 Ne5 18. Rac1 Rfe8 19. Bd4 Rad8 20. Nb3 {[%cal Ba5b3,Bb3d2,Bd2e4][%mdl 32]} Qd7 21. Qc3 Nh7 22. Rce1 Rc8 23. Nd2 Re7 24. Bd1 Rce8 25. Kh1 Nf6 26. Bb3 Nfg4 {With the idea ...Nxh2!} 27. Ne4 Nxh2 {The position is equal.} 28. Kxh2 {[#] Kg1 is the strong threat.} Ng4+ $1 29. Kg1 $1 Bxd4+ 30. Qxd4 f5 {[%cal Re7e4]} 31. Qf6 fxe4 32. Qxg6+ Rg7 33. Qf5 $1 {[%cal Rf5d7] [#] aiming for Qxd7.} ({Avoid the trap} 33. Qxh5 $2 Re5 $19) 33... Qd8 $1 34. Rxe4 {Strongly threatening Re6.} Ne3 35. Rxe3 {Precision: White = 63%, Black = 67%.} (35. Rxe8+ $11 Qxe8 36. Re1 Rxg2+ 37. Kh1) 0-1

[Event "XX Sants Open 2018"]
[Site "Cotxeres de Sants"]
[Date "2018.08.18"]
[Round "2"]
[White "Martinez Fernandez, Adrian"]
[Black "Esipenko, Andrey"]
[Result "*"]
[WhiteElo "2268"]
[BlackElo "2589"]
[Annotator "TA"]
[PlyCount "41"]
[EventDate "2018.08.17"]
[EventType "swiss"]
[EventCountry "ESP"]
[SourceTitle "playchess.com"]
[Source "ChessBase"]
[SourceQuality "1"]

{[%evp 33,39,0,28,-54,24,0,32,25]} 1. e4 c5 2. Nf3 d6 3. d4 cxd4 4. Nxd4 Nf6 5. Nc3 a6 6. Be3 e5 7. Nb3 Be7 8. f3 Be6 9. Qd2 Nbd7 10. O-O-O O-O 11. g4 {[%cal Bg2g4,Bg4g5][%mdl 32]} b5 12. g5 Nh5 13. Nd5 Bxd5 {B90: Sizilianisch (Najdorf-Variante, Abweichungen)} 14. exd5 f6 15. gxf6 Bxf6 16. Na5 (16. Kb1 Nf4 17. Rg1 Kh8 18. Bd3 Bg5 19. Na5 Bh6 20. Nc6 Qh4 21. Qb4 {½-½ (49) Caruana,F (2784)-Mamedyarov,S (2809) Berlin 2018}) 16... Nf4 17. Nc6 Qe8 {LiveBook: 5 Partien} 18. Bd3 (18. Qb4 $11) 18... Bg5 (18... Nxd3+ $15 19. Qxd3 Bd8) 19. Kb1 Kh8 (19... Bd8 $5) 20. Be4 {Vorgänger:} Rf6 $146 21. h4 {1-0 (60) Djukic,N (2543)-Ivanovic,B (2444) Podgorica 2008} *

[Event "XX Sants Open 2018"]
[Site "Cotxeres de Sants"]
[Date "2018.08.18"]
[Round "2"]
[White "Heinemann, Josefine"]
[Black "Svetushkin, Dmitry"]
[Result "1/2-1/2"]
[WhiteElo "2261"]
[BlackElo "2580"]
[Annotator "TA"]
[PlyCount "157"]
[EventDate "2018.08.17"]
[EventType "swiss"]
[EventCountry "ESP"]
[SourceTitle "playchess.com"]
[Source "ChessBase"]
[SourceQuality "1"]

{[%evp 21,157,38,70,36,55,0,4,0,20,0,0,21,34,0,155,108,113,112,159,152,166,155,152,123,129,109,121,110,118,115,116,114,115,115,116,108,100,0,0,0,0,1,8,8,14,0,0,0,27,0,0,0,0,-18,-18,-50,-57,-56,-8,-8,-6,-18,-16,-17,-18,-8,-12,-12,-13,-28,-28,-31,-31,-40,-13,-28,-13,-51,-36,-41,-53,-43,0,-33,-14,-64,-63,-62,-47,-56,-45,-37,-49,-40,-16,-26,-8,-4,0,0,0,0,0,-17,-25,-110,-111,-112,-8,-110,-8,-8,0,-118,0,0,0,0,0,0,0,0,0,0,0,-8,0,0,0,0,0,-79,0,0,0,0,0,0]} 1. e4 g6 2. d4 Bg7 3. Nc3 c6 4. Bc4 d6 5. Nf3 Nf6 6. Bb3 O-O 7. O-O Bg4 8. h3 Bxf3 9. Qxf3 Nbd7 10. Be3 e5 11. Rad1 Qe7 12. Rfe1 {B08: Pirc Defence: Classical System} Nh5 13. Qe2 $146 (13. d5 $14) ({Predecessor:} 13. dxe5 Bxe5 14. g3 b5 15. Bc1 Nc5 16. Ne2 a5 17. c3 Nxb3 18. axb3 Rfe8 19. Nd4 Rac8 {½-½ (28) Emms,J (2525)-Tkachiev,V (2510) Cappelle-la-Grande 1994}) 13... exd4 $11 14. Bxd4 Nf4 15. Qg4 {And now Bxg7 would win.} Bxd4 16. Rxd4 Qe5 17. Qd1 h5 $2 ({Black should try} 17... Qg5 $11 18. Qg4 Qe5) 18. Ne2 Nxe2+ 19. Rxe2 Nb6 20. Rxd6 Kg7 21. c3 Rae8 22. Qd4 f5 23. Re3 f4 24. Qxe5+ Rxe5 25. Re1 f3 26. gxf3 Rxf3 27. Kg2 Rf8 28. Re3 h4 29. Re6 (29. a4 $16) 29... Nd7 $1 30. Re2 Rg5+ 31. Kf1 Ne5 $1 32. Re3 b5 33. a3 a5 34. a4 b4 35. Re7+ Kh6 $1 36. Be6 Rg3 37. Rxg3 hxg3 {[%mdl 4096] Endgame KRB-KRN} 38. f4 Rxf4+ 39. Kg2 bxc3 40. bxc3 Kg5 41. Bd5 Nf3 42. Bxc6 Nh4+ 43. Kxg3 Rf3+ 44. Kh2 Rxc3 45. Bb5 Rc2+ 46. Kg1 $1 Kf4 {[%mdl 1024] Black has compensation.} 47. Rd7 $1 Nf3+ 48. Kf1 Ne5 49. Re7 Rh2 50. Bd7 Ra2 51. Bb5 Rh2 {Hoping for ...Nf3.} (51... g5 {looks sharper.} 52. Re8 Rh2 53. Be2 Rxh3 54. Ra8 Nc6) 52. Bd7 g5 53. Bg4 Ra2 54. Bd1 Ra3 55. Rh7 Ra1 56. Ke2 Ra2+ 57. Kf1 $1 Ke3 58. Re7 Nd3 59. Bg4 $1 Rxa4 (59... Nf4 $5 60. Kg1 $8 Ra1+ 61. Kh2 Ng6 $11) 60. e5 Ra1+ 61. Kg2 Ra2+ 62. Kg1 Kf4 63. e6 (63. Rf7+ $1 $11 Kxe5 64. Rf5+ Ke4 65. Rxg5) 63... Kg3 $1 $17 64. Kf1 Rf2+ 65. Kg1 {[#]} Rb2 (65... Rc2 $1 $17 {[%cal Rc2c1]} 66. Kf1 Nf4) 66. Kf1 $1 $11 Rf2+ (66... Nf4 $11 67. Ke1 Rb5) 67. Kg1 $17 {[#]} Ra2 (67... Rc2 $1 $17 {[%cal Rc2c1]} 68. Kf1 Nf4) 68. Kf1 $1 $11 Nf4 {( -> ...Ra1+)} 69. Ke1 $1 Ng2+ 70. Kd1 $1 Ne3+ 71. Ke1 Nxg4 72. hxg4 {Rd7 is the strong threat. KR-KR} Ra4 ({Wrong is} 72... Kxg4 $2 73. Rd7 $18) 73. Ra7 Rxg4 74. Rxa5 Re4+ 75. Kf1 $1 g4 76. Ra1 (76. Ra3+ $11 {remains equal.} Kh4 77. Kg2) 76... Kh2 ({Better is} 76... Rxe6 $17 {aiming for ...Rb6.} 77. Ra7 Re3) 77. Ra2+ {The position is equal.} Kh1 {White must now prevent ...g3.} 78. Kf2 {Threatens to win with Ra8.} Kh2 79. Kf1+ {Precision: White = 54%, Black = 55%.} 1/2-1/2

[Event "XX Sants Open 2018"]
[Site "Cotxeres de Sants"]
[Date "2018.08.18"]
[Round "2"]
[White "Gomez Jurado, Luis Alberto"]
[Black "Moussard, Jules"]
[Result "0-1"]
[WhiteElo "2256"]
[BlackElo "2566"]
[Annotator "TA"]
[PlyCount "112"]
[EventDate "2018.08.17"]
[EventType "swiss"]
[EventCountry "ESP"]
[SourceTitle "playchess.com"]
[Source "ChessBase"]
[SourceQuality "1"]

{[%evp 24,112,47,14,48,39,50,52,53,20,45,39,32,27,39,38,33,33,30,0,0,-22,0,-51,-39,-125,-135,-118,-115,-159,-146,-165,-165,-188,-193,-196,-174,-241,-233,-259,-245,-273,-272,-287,-232,-318,-307,-279,-237,-320,-320,-579,-318,-331,-323,-318,-316,-337,-335,-334,-325,-331,-326,-406,-391,-391,-391,-496,-485,-587,-544,-1396,-1261,-931,-778,-1078,-1030,-5578,-4583,-29986,-29987,-29987,-29988,-29988,-29989,-29989,-29990,-29996,-29997,-29997,-29998]} 1. c4 d6 2. Nc3 Nf6 3. g3 g6 4. Bg2 Bg7 5. e4 c5 6. Nge2 Nc6 {[%cal Bb8c6,Bc6d4,Bd4e2][%mdl 32]} 7. d3 O-O 8. O-O a6 9. h3 Rb8 10. a4 Ne8 11. Be3 Nd4 12. Rb1 Nxe2+ {A36: Symmetrical English vs ...g6: 4 Bg2 Bg7} 13. Nxe2 {[#] LiveBook: 7 Games} a5 $146 ({Predecessor:} 13... b5 14. axb5 axb5 15. cxb5 Rxb5 16. d4 Nc7 17. dxc5 dxc5 18. Nc3 Ra5 19. Qc1 Be6 20. b4 cxb4 21. Bb6 Ra6 22. Nd5 Bxd5 23. Bxc7 Qd7 24. exd5 Rc8 {½-½ (24) Solak,D (2564)-Macieja,B (2613) Vrsac 2006}) 14. d4 cxd4 {White is slightly better.} 15. Nxd4 Nc7 16. Nb5 Na6 17. Ba7 Ra8 18. Bd4 Be6 19. Bxg7 Kxg7 20. Qd4+ f6 21. f4 Qc8 22. f5 Bf7 23. fxg6 (23. b3 $11) 23... hxg6 $15 24. Nxd6 (24. b3 $15) 24... exd6 $17 25. Qxf6+ Kg8 26. Qxd6 Qc5+ 27. Qxc5 Nxc5 28. b3 Rfe8 29. Rfe1 Rad8 30. Re3 (30. e5 {keeps fighting.}) 30... Re5 $19 31. g4 Kg7 32. Kh2 g5 33. Kg3 Bg6 34. h4 gxh4+ (34... Bxe4 35. hxg5 Rde8 36. Rbe1 $19) 35. Kxh4 Rd2 (35... Nxe4 36. Bxe4 Rxe4 37. Rxe4 $19) 36. Kg3 Kf6 37. b4 $2 {[#]} (37. Rf1+ Kg5 38. Rfe1) 37... axb4 38. Rxb4 Kg5 ({Don't do} 38... Bxe4 39. Bf3 $19) (38... Nxe4+ 39. Bxe4 Bxe4 40. Rb5 $19) 39. a5 Ra2 ({But not} 39... Bxe4 40. Bf3 $19) ({Less strong is} 39... Nxe4+ 40. Bxe4 Rxe4 41. Rb5+ Kh6 42. Rxe4 $17) 40. Rb5 Be8 41. Rb1 Rxa5 42. Rh1 Ra4 43. Rh8 Rxc4 44. Rg8+ Bg6 45. Rf3 {intending Rf5+.} Nxe4+ 46. Kh2 Nf6 47. Rg7 Nxg4+ 48. Kg3 Ne3 49. Bh3 b5 50. Kf2 Rc2+ 51. Kg1 Kh6 {Black mates.} 52. Rg8 Rg5+ 53. Kh1 Be4 54. Rh8+ Kg7 55. Rh7+ Kxh7 56. Bf5+ Rxf5 {Precision: White = 15%, Black = 73%.} 0-1

[Event "XX Sants Open 2018"]
[Site "Cotxeres de Sants"]
[Date "2018.08.18"]
[Round "2"]
[White "Sanz Ogaya, Mario"]
[Black "Ribera Veganzones, Josep Maria"]
[Result "1/2-1/2"]
[WhiteElo "1947"]
[BlackElo "1792"]
[Annotator "NA RC"]
[PlyCount "88"]
[EventDate "2018.08.17"]
[EventType "swiss"]
[EventCountry "ESP"]
[SourceTitle "playchess.com"]
[Source "ChessBase"]
[SourceQuality "1"]
[TimeControl "40/5400+30:1800+30"]

1. e4 {[%emt 0:04:46]} c5 {[%emt 0:00:00]} 2. Nc3 {[%emt 0:00:12]} Nc6 {[%emt 0:00:19]} 3. Nge2 {[%emt 0:00:20]} Nf6 {[%emt 0:02:23]} 4. g3 {[%emt 0:00:30]} g6 {[%emt 0:00:19]} 5. Bg2 {[%emt 0:00:24]} Bg7 {[%emt 0:00:23]} 6. O-O {[%emt 0:00:36]} d6 {[%emt 0:00:41]} 7. d3 {[%emt 0:00:32]} O-O {[%emt 0:00:32]} 8. h3 {[%emt 0:00:38]} Bd7 {[%emt 0:01:51] LiveBook: 13 Games} 9. Be3 {[%emt 0:01:26]} Rb8 {[%emt 0:01:57]} 10. Qd2 {[%emt 0:02:13]} b5 {[%emt 0:06:06]} 11. Bh6 {[%emt 0:03:21]} b4 {[%emt 0:03:25]} 12. Nd1 {[%emt 0:00:17]} Nd4 {[%emt 0:04:10]} 13. Bxg7 {[%emt 0:03:53]} Kxg7 $11 {[%emt 0:00:56]} 14. Ne3 {[%emt 0:03:32]} a5 {[%emt 0:03:17]} 15. f4 {[%emt 0:09:00]} h5 {[%emt 0:08:41]} 16. e5 {[%emt 0:17:17]} Nh7 {[%emt 0:07:40]} 17. c3 {[%emt 0:05:53]} Nxe2+ {[%emt 0:04:17]} 18. Qxe2 {[%emt 0:00:08]} Qc8 {[%emt 0:02:27]} 19. Kh2 {[%emt 0:01:48]} dxe5 {[%emt 0:02:11]} 20. fxe5 {[%emt 0:06:06]} Ng5 {[%emt 0:02:03]} 21. h4 {[%emt 0:02:19]} Ne6 {[%emt 0:01:29]} 22. Bf3 {[%emt 0:01:47]} Rh8 {[%emt 0:07:03]} 23. Rad1 {[%emt 0:01:42]} Bb5 {[%emt 0:08:23]} 24. Qf2 {[%emt 0:01:50]} Nd8 {[%emt 0:07:02]} 25. Nd5 {[%emt 0:05:29]} Rb7 {[%emt 0:04:53]} 26. Rfe1 {[%emt 0:06:41]} Bc6 {[%emt 0:02:40]} 27. d4 {[%emt 0:02:32]} bxc3 {[%emt 0:01:17]} 28. bxc3 {[%emt 0:00:37]} cxd4 {[%emt 0:02:36]} 29. cxd4 {[%emt 0:01:31]} Qa8 {[%emt 0:02:16]} 30. Rd2 {[%emt 0:01:37]} Ne6 {[%emt 0:01:35]} 31. Be4 {[%emt 0:03:28]} Rd8 {[%emt 0:02:37]} 32. Nc3 {[%emt 0:02:54]} Bxe4 {[%emt 0:00:12]} 33. Nxe4 {[%emt 0:02:01]} Rb4 {[%emt 0:03:35]} 34. Ng5 {[%emt 0:02:52]} Nxg5 {[%emt 0:01:13]} 35. hxg5 {[%emt 0:00:05]} Qd5 {[%emt 0:00:06]} 36. Red1 {[%emt 0:03:45]} Rc8 {[%emt 0:01:29]} 37. Qg2 {[%emt 0:01:09]} Rd8 {[%emt 0:02:54]} 38. Qxd5 {[%emt 0:00:44]} Rxd5 {[%emt 0:00:06]} 39. Kg2 {[%emt 0:01:15]} f6 {[%emt 0:02:44]} 40. gxf6+ {[%emt 0:00:00]} exf6 {[%emt 0:00:00]} 41. exf6+ {[%emt 0:12:24]} Kxf6 {[%emt 0:00:16]} 42. Rf1+ {[%emt 0:00:45]} Ke6 {[%emt 0:02:48]} 43. Rf4 g5 44. Re4+ Kf5 1/2-1/2

[Event "XX Sants Open 2018"]
[Site "Cotxeres de Sants"]
[Date "2018.08.18"]
[Round "2"]
[White "Poyato Duran, David"]
[Black "Walter Travella, German"]
[Result "0-1"]
[WhiteElo "1799"]
[BlackElo "1930"]
[Annotator "NA RC"]
[PlyCount "72"]
[EventDate "2018.08.17"]
[EventType "swiss"]
[EventCountry "ESP"]
[SourceTitle "playchess.com"]
[Source "ChessBase"]
[SourceQuality "1"]
[TimeControl "40/5400+30:1800+30"]

1. d4 b6 2. e4 Bb7 3. Bd3 Nf6 4. Nc3 e6 5. Nf3 Bb4 6. Bg5 h6 7. Bxf6 Qxf6 {LiveBook: 64 Games} 8. O-O Bxc3 9. bxc3 c5 10. e5 Qf4 11. Qd2 g5 12. Qxf4 gxf4 13. Nd2 Ke7 14. Ne4 $17 (14. dxc5 $11 {bleibt in der Remisbreite.} Rg8 15. g3) 14... c4 15. Nd6 cxd3 16. Nxb7 dxc2 17. Nd6 f6 18. Rac1 fxe5 19. dxe5 Nc6 20. Rfe1 Rhg8 21. Nc4 f3 22. g3 Rg5 23. Rxc2 b5 24. Nd2 Nxe5 25. Re3 Rf5 26. Rb2 a6 27. Rb4 Rc8 28. Rh4 d5 29. Rxh6 b4 30. cxb4 Rc1+ 31. Nf1 d4 32. Ra3 d3 33. Rxa6 Nc6 34. g4 Rxf1+ 35. Kxf1 d2 36. Rh7+ Rf7 0-1